Napredovanie online marketingu

Gespeichert in:
Bibliographische Detailangaben
1. Verfasser: Szivósová, Mária, 1958-
Format: Buchkapitel
Sprache:Englisch
Schlagworte:
Tags: Tag hinzufügen
Keine Tags, Fügen Sie das erste Tag hinzu!

MARC

LEADER 00000naa$a2200000$$$4500
001 0270761
005 20240502074239.8
041 0 |a eng 
044 |a SK 
245 1 0 |a Napredovanie online marketingu  |c Mária Szivósová 
500 |a abstrakt 
610 2 0 |a marketing elektronický 
610 2 0 |a predaj 
610 2 0 |a siete sociálne 
610 2 0 |a obchod elektronický 
100 1 |a Szivósová, Mária, 1958-